[Event "EUROPA -CHAMPIONS LEGAUE"]
[Site "SchemingMind.com"]
[Date "2008.04.21"]
[Round "-"]
[White "cirovicz"]
[Black "janez"]
[Result "1-0"]
[WhiteCountry "SRB"]
[BlackCountry "SLO"]
[WhiteElo "1883"]
[WhiteRD "107"]
[BlackElo "1710"]
[BlackRD "69"]
[GameID "151044"]

1. e4 e5 2. Nf3 Nf6 3. Nxe5 Qe7 4. Nf3 Qxe4+ 5. Qe2 Qxe2+ 6. Bxe2 d5 7. O-O Bd6 8. d4 O-O 9. Be3 Be6 10. b3 Nbd7
11. c4 dxc4 12. Bxc4 Bxc4 13. bxc4 c6 14. c5 Bc7 15. Nc3= b6 16. a4 a5 17. h3 bxc5 18. dxc5 Rfb8 19. Rfb1 h6 20. Nd4 Rxb1+
21. Rxb1 Nxc5 22. Nxc6 Ra6 23. Ne7+ Kf8 24. Bxc5 Bd6 25. Bxd6 Rxd6 26. Nf5 Rc6 27. Rb8+ Ne8 28. Nb5 f6 29. Nfd6 Rc1+ 30. Kh2 Re1
31. Rxe8+ Rxe8 32. Nxe8 Kxe8 33. Nd6+ Kd7 34. Nc4
1-0

[Event "EUROPA -CHAMPIONS LEGAUE"]
[Site "SchemingMind.com"]
[Date "2008.04.17"]
[Round "-"]
[White "cirovicz"]
[Black "dalac"]
[Result "0-1"]
[WhiteCountry "SRB"]
[BlackCountry "ITA"]
[WhiteElo "1883"]
[WhiteRD "107"]
[BlackElo "1990"]
[BlackRD "79"]
[GameID "151045"]

1. e4 c6 2. d4 d5 3. e5 Bf5 4. Nf3 e6 5. c4 Bb4+ 6. Nc3 h6 7. cxd5 cxd5 8. Bb5+ Nd7 9. Bxd7+ Qxd7 10. O-O Bxc3
11. bxc3 Rc8 12. Qb3 Ne7 13. Ba3 O-O 14. Rab1 Bxb1 15. Rxb1 b6 16. h3 Rc6 17. Bd6 Rfc8 18. Rc1 Nf5 19. Ba3 Qb7 20. g4 Ne7
21. Bd6 Ng6 22. a4 Nf4 23. Kh2 Ne2 24. Rc2 Nxc3 25. a5 Ne4 26. Rxc6 Qxc6 27. axb6 axb6 28. h4 Qc1 29. g5 Qf4+ 30. Kg2 Qg4+
31. Kf1 Rc3
0-1

[Event "EUROPA -CHAMPIONS LEGAUE"]
[Site "SchemingMind.com"]
[Date "2008.04.18"]
[Round "-"]
[White "cirovicz"]
[Black "SLAINTIE MHATH"]
[Result "1-0"]
[WhiteCountry "SRB"]
[BlackCountry "POL"]
[WhiteElo "1883"]
[WhiteRD "107"]
[BlackElo "1589"]
[BlackRD "54"]
[GameID "151046"]

1. e4 e5 2. Nf3 Nf6 3. Nxe5 d6 4. Nxf7 Kxf7 5. Bc4+ d5 6. exd5 Qe8+ 7. Qe2 Qxe2+ 8. Kxe2 Bd6 9. d4 Re8+ 10. Be3 Ng4
11. Nc3 Bf4 12. Raf1 Nxe3 13. fxe3 Rxe3+ 14. Kd1 Bg4+ 15. Ne2 Bxe2+ 16. Bxe2 g5 17. g3 Re4 18. c3 Nd7 19. gxf4 gxf4 20. Bd3 Re3
21. Rxf4+ Ke7 22. Bxh7 Rf8 23. Rxf8 Nxf8 24. Bc2 Kd6 25. Rf1 Ke7 26. Re1 Rxe1+ 27. Kxe1 c6 28. dxc6 bxc6 29. Ke2 Ng6 30. Bxg6 Kf6
31. Be4 a5 32. Bxc6 a4 33. Bxa4 Ke6 34. Ke3 Kd5 35. h4 Ke6 36. Ke4
1-0

[Event "EUROPA -CHAMPIONS LEGAUE"]
[Site "SchemingMind.com"]
[Date "2008.04.18"]
[Round "-"]
[White "cirovicz"]
[Black "JOZIN Z BAZIN"]
[Result "1-0"]
[WhiteCountry "SRB"]
[BlackCountry "POL"]
[WhiteElo "1883"]
[WhiteRD "107"]
[BlackElo "1595"]
[BlackRD "62"]
[GameID "151047"]

1. e4 e5 2. Nf3 Nf6 3. Nxe5 d6 4. Nxf7 Kxf7 5. Bc4+ d5 6. exd5 Bc5 7. d4 Re8+ 8. Be3 Bd6 9. Nd2 Bg4 10. Nf3 c6
11. dxc6+ Kf8 12. cxb7 Nbd7 13. bxa8=Q Qxa8 14. O-O Bxf3 15. Qxf3 Qb8 16. b3 Bxh2+ 17. Kh1 Bd6 18. Bg5 Qd8 19. Rae1 Rxe1 20. Rxe1 h6
21. Bxf6 Nxf6 22. Qb7 Nd7 23. Be6 Qh4+ 24. Kg1 Qh2+ 25. Kf1 Qh1+ 26. Ke2 Qh5+ 27. g4 Qe8 28. Qxd7 Qxd7 29. Bxd7 Ke7 30. Bf5 Kf6
31. Kf3 g6 32. Re6+ Kg5 33. Rxg6+ Kh4 34. Rxd6 a5 35. a4 h5 36. Kf4 Kh3 37. Rh6 h4 38. Kf3 Kh2 39. Rxh4+ Kg1 40. Rh3
1-0

[Event "EUROPA -CHAMPIONS LEGAUE"]
[Site "SchemingMind.com"]
[Date "2008.04.18"]
[Round "-"]
[White "faulty"]
[Black "cirovicz"]
[Result "1-0"]
[WhiteCountry "USA"]
[BlackCountry "SRB"]
[WhiteElo "2003"]
[WhiteRD "69"]
[BlackElo "1889"]
[BlackRD "103"]
[GameID "151048"]

1. e4 e5 2. Nf3 Nc6 3. Bc4 d6 4. d4 exd4 5. Nxd4 Nxd4 6. Qxd4 Be6 7. Nc3 Qf6 8. Qd3 Bxc4 9. Qxc4 c6 10. Be3 Ne7
11. O-O Ng6 12. f4 Be7 13. Bd4 Qe6 14. Qxe6 fxe6 15. Bxg7 Rg8 16. Bd4 Kd7 17. g3 c5 18. Be3 Raf8 19. Kh1 a6 20. a4 h5
21. f5 exf5 22. exf5 Ne5 23. Nd5 h4 24. Nxe7 Kxe7 25. gxh4 Nc4 26. Bg5+ Kd7 27. f6 Ne5 28. h3 Ke6 29. Rae1 b5 30. Rf4 Kf7
31. b3 Rg6 32. axb5 axb5 33. Ra1 c4 34. Ra7+ Ke6 35. Re7+ Kd5 36. bxc4+ bxc4 37. f7 Re6 38. Rc7 Rg6 39. Rf2 Rg7 40. Rd2+ Ke6
41. Re7+ Kf5 42. Rxd6 Rgxf7 43. Ree6 Nf3 44. Re3 Nxg5 45. hxg5 Kxg5 46. Rd2 Rf4 47. Kg2 Kh4 48. c3 R8f5 49. Rde2 Rg5+= 50. Kh2 Rgf5
51. Re4 Kg5 52. Rxf4 Rxf4 53. Kg3 Rf5 54. Re4 Rc5 55. Rg4+ Kh5 56. Kf3 Rc8 57. Ke3 Rc7 58. Kd4 Rc8 59. Kd5 Rf8 60. Rxc4 Rf3
61. h4 Rd3+ 62. Kc5 Kg6 63. Kb4 Kf6 64. h5 Rh3 65. Rc5 Ke6 66. Kb5 Kd7 67. c4 Rb3+ 68. Ka4 Rb1 69. Rg5 Rh1 70. Kb5 Kc7
71. c5 Rb1+ 72. Kc4 Rc1+ 73. Kd3 Kc6 74. Ke2 Rh1 75. Kf3 Rh4 76. Kg3 Rh1 77. Kf4 Rf1+ 78. Kg4 Rg1+ 79. Kf5
1-0

[Event "EUROPA -CHAMPIONS LEGAUE"]
[Site "SchemingMind.com"]
[Date "2008.04.17"]
[Round "-"]
[White "kryspin11"]
[Black "cirovicz"]
[Result "1-0"]
[WhiteCountry "POL"]
[BlackCountry "SRB"]
[WhiteElo "2300"]
[WhiteRD "82"]
[BlackElo "1875"]
[BlackRD "148"]
[GameID "151049"]

1. Nf3 Nc6 2. c4 e5 3. d3 f5 4. g3 Nf6 5. Nc3 d6 6. Bg2 Be7 7. O-O Be6 8. Re1 O-O 9. Ng5 Bf7 10. Nxf7 Rxf7
11. Qa4 Qd7 12. Be3 a6 13. Nd5 Kh8 14. Rac1 Nxd5 15. cxd5 Nb8 16. Qxd7 Nxd7 17. Rxc7 b5 18. Rxd7 Raf8 19. Rc1 g5 20. Rcc7 f4
21. Bd2 fxg3 22. hxg3 Rxf2 23. Rxe7 R8f6 24. Bxg5
1-0

[Event "EUROPA -CHAMPIONS LEGAUE"]
[Site "SchemingMind.com"]
[Date "2008.04.18"]
[Round "-"]
[White "agarr"]
[Black "cirovicz"]
[Result "0-1"]
[WhiteCountry "RUS"]
[BlackCountry "SRB"]
[WhiteElo "1763"]
[WhiteRD "67"]
[BlackElo "1883"]
[BlackRD "107"]
[GameID "151050"]

1. e4 c5 2. Nf3 d6 3. Bb5+ Bd7= 4. Bxd7+ Qxd7 5. O-O Nc6 6. d4 cxd4 7. Nxd4 Nxd4 8. Qxd4 e5 9. Qd3 Nf6 10. Nc3 Be7
11. b3 O-O 12. Ba3 a6 13. f3 b5 14. Nd5 Nxd5 15. Qxd5 Qe6 16. Rad1 Qxd5 17. Rxd5 Rfd8 18. Rfd1 f6 19. Bxd6 Bxd6 20. Rxd6 Rxd6
21. Rxd6 a5 22. Rc6 b4 23. Kf2 a4 24. Rc4 axb3 25. axb3 Rb8 26. Ke3 h5 27. Rc6 Kf7 28. Kd3 g5 29. h3 Ke7 30. Kc4 g4
31. Rc5 Kd6 32. Rb5 Rc8+ 33. Kd3 Rc3+ 34. Kd2 gxh3 35. gxh3 Rxf3 36. Rxb4 Rxh3 37. c4 Rh2+ 38. Ke3 h4 39. Kf3 h3 40. Kg3 Re2
41. Kxh3 Kc5 42. Rb5+ Kd4 43. Rb6 Rxe4 44. Kg2 f5 45. Kf2 f4 46. Rb4 Re3 47. Rb5 e4 48. Rf5 Rf3+ 49. Ke2 Rxb3 50. Rxf4 Rb2+
51. Kd1 Kd3 52. Kc1 Rc2+ 53. Kb1 Rxc4 54. Rf8 e3 55. Rd8+ Ke2 56. Re8 Kd2 57. Rd8+ Ke1 58. Re8 e2
0-1

[Event "EUROPA -CHAMPIONS LEGAUE"]
[Site "SchemingMind.com"]
[Date "2008.04.18"]
[Round "-"]
[White "lacus66"]
[Black "cirovicz"]
[Result "0-1"]
[WhiteCountry "HUN"]
[BlackCountry "SRB"]
[WhiteElo "1670"]
[WhiteRD "68"]
[BlackElo "1875"]
[BlackRD "148"]
[GameID "151051"]

1. d4 Nf6 2. c4 c5 3. d5 d6 4. Nc3 e5 5. e4 Bg4 6. f3 Bh5 7. g4 Bg6 8. h4 h5 9. g5 Nfd7 10. Bh3 a6
11. a4 Be7 12. Nge2 O-O 13. Be3 f5 14. O-O f4 15. Bc1 Bxg5 16. Bxd7 Nxd7 17. hxg5 Qxg5+ 18. Kf2 Qh4+ 19. Kg1 Rf6 20. Rf2 Bh7
21. Kf1 Qh1+ 22. Ng1 Rg6 23. Ne2 Rf8 24. Ke1 Rxg1+ 25. Nxg1 Qxg1+ 26. Ke2 Qxd1+ 27. Kxd1 Nf6 28. Bd2 g5 29. Rg2 g4 30. Ke2 g3
31. Rb1 Nxe4 32. b4 Nc3+ 33. Bxc3 Bxb1 34. Rg1 Ba2 35. Kd3 Rc8 36. b5 axb5 37. axb5 b6 38. Rh1 Kf7 39. Rxh5 g2
0-1

[Event "EUROPA -CHAMPIONS LEGAUE"]
[Site "SchemingMind.com"]
[Date "2008.04.22"]
[Round "-"]
[White "janez"]
[Black "cirovicz"]
[Result "0-1"]
[WhiteCountry "SLO"]
[BlackCountry "SRB"]
[WhiteElo "1680"]
[WhiteRD "69"]
[BlackElo "1889"]
[BlackRD "103"]
[GameID "151052"]

1. e4 c5 2. Nf3 d6 3. Bb5+ Bd7 4. Bc4 e6 5. O-O Bc6 6. Re1 Nd7 7. b3 Ngf6 8. e5 Nd5 9. Bb2 b5 10. Bf1 dxe5
11. Nxe5 Nxe5 12. Bxe5 f6 13. Bb2 Qd7 14. Qg4 e5 15. Qh5+ Qf7 16. Qxf7+ Kxf7 17. c4 bxc4 18. Bxc4 Kg6 19. h3 Nf4 20. f3 Bd6
21. Nc3 Rhd8 22. Rad1 Bc7 23. Re3 a5 24. Kh2 e4 25. g3 Nh5 26. Nxe4 Bxe4 27. Rxe4 Nxg3 28. Rg4+ Kh6 29. Kg2 Nh5 30. Bf7 Be5
31. Bxe5 fxe5 32. Bxh5 Kxh5 33. Rxg7 Rg8 34. Rg4 Rxg4+ 35. hxg4+ Kg5 36. Kg3 a4 37. Rb1 Rb8 38. Kf2 c4 39. Ke3 cxb3 40. axb3 Rxb3+
41. Rxb3 axb3 42. Kd3 Kf4 43. Kc3 b2 44. Kxb2 Kxf3 45. g5 Kf4 46. Kc2 Kxg5 47. Kd3 Kf4 48. Ke2 h5 49. Kf2 e4 50. Kg2 h4
0-1

[Event "EUROPA -CHAMPIONS LEGAUE"]
[Site "SchemingMind.com"]
[Date "2008.04.18"]
[Round "-"]
[White "dalac"]
[Black "cirovicz"]
[Result "1-0"]
[WhiteCountry "ITA"]
[BlackCountry "SRB"]
[WhiteElo "1990"]
[WhiteRD "79"]
[BlackElo "1883"]
[BlackRD "107"]
[GameID "151053"]

1. d4 Nf6 2. c4 c5 3. d5 b5 4. b3 bxc4 5. bxc4 d6 6. Nc3 e6 7. e4 exd5 8. exd5 Bg4 9. f3 Bh5 10. Bd3 Be7
11. g4 Bg6 12. Be2 h5 13. g5 Nh7 14. f4 O-O 15. Bxh5 Nxg5 16. fxg5 Bxg5 17. Bf3 Bh4+ 18. Kf1 Nd7 19. Bf4 Qa5 20. Nb5 Rab8
21. Bxd6 Rfe8 22. Bxb8 Re1+ 23. Qxe1 Bxe1 24. Rxe1 Qxa2 25. Re8+ Kh7 26. Ne2 Qxc4 27. Nc3 f5 28. Rd8 Nf6 29. Bxa7 Ng4 30. Bxg4 fxg4
31. Bb8 Bd3 32. Kf2 g5 33. Be5 Bxe2 34. Nxe2 Qe4 35. Ra1 Qxe5 36. Ra7+ Kh6 37. Ra6+
1-0

[Event "EUROPA -CHAMPIONS LEGAUE"]
[Site "SchemingMind.com"]
[Date "2008.04.18"]
[Round "-"]
[White "SLAINTIE MHATH"]
[Black "cirovicz"]
[Result "0-1"]
[WhiteCountry "POL"]
[BlackCountry "SRB"]
[WhiteElo "1590"]
[WhiteRD "59"]
[BlackElo "1889"]
[BlackRD "103"]
[GameID "151054"]

1. Nf3 c5 2. c4 Nc6 3. g3 Nf6 4. Bg2 e6 5. d3 d5 6. b3 d4 7. h3 Bd6 8. Bg5 h6 9. Bxf6 Qxf6 10. Nbd2 Bd7
11. a3 O-O-O 12. Ne4 Qe7 13. Nxd6+ Qxd6 14. O-O f5 15. Nh4 g5 16. Nf3 g4 17. hxg4 fxg4 18. Nh4 Ne5 19. b4 Bc6 20. Bxc6 Qxc6
21. f4 gxf3 22. Nxf3 Nxf3+ 23. exf3 h5 24. bxc5 Rdg8 25. Kh2 h4 26. g4 h3 27. Rg1 Qxc5 28. Qe1 Qd6+ 29. Qg3 Qb6 30. Rab1 Qa5
31. Rgd1 Qxa3 32. Rxb7 Qa2+ 33. Kg1 Kxb7 34. f4 Rh4 35. Qf3+ Kb8 36. g5 Qg2+ 37. Qxg2 hxg2 38. Rb1+ Kc7 39. Kxg2 Rxf4 40. Kg3 Rf5
41. Kg4 Rgxg5+ 42. Kh4= Rg8 43. c5 Rf7
0-1

[Event "EUROPA -CHAMPIONS LEGAUE"]
[Site "SchemingMind.com"]
[Date "2008.04.18"]
[Round "-"]
[White "JOZIN Z BAZIN"]
[Black "cirovicz"]
[Result "0-1"]
[WhiteCountry "POL"]
[BlackCountry "SRB"]
[WhiteElo "1544"]
[WhiteRD "60"]
[BlackElo "1898"]
[BlackRD "106"]
[GameID "151055"]

1. Nf3 Nf6 2. g3 c5 3. c4 Nc6 4. Bg2 e5 5. d3 d6 6. Bg5 h6 7. Bxf6 Qxf6 8. Nfd2 Bg4 9. Qa4 Be7 10. Bxc6+ Kd8
11. Bxb7 Rb8 12. Qa5+ Ke8 13. Qxa7 Rd8 14. Nc3 Kf8 15. Nd5 Qe6 16. f3 Bh5 17. O-O-O Kg8 18. a3 Kh7 19. Nxe7 Rd7 20. g4 Qxe7
21. Be4+ Bg6 22. Bxg6+ Kxg6 23. Qa4 Rb8 24. Qc2 Rdb7 25. d4+ e4 26. fxe4 Rxb2 27. Qxb2 Rxb2 28. Kxb2 cxd4 29. Nf3 Qxe4 30. Nxd4 d5
31. cxd5 Qxd5 32. Rhf1 Qb7+ 33. Nb3 h5 34. gxh5+ Kxh5 35. Rf5+ Kh6 36. Rdd5 g6 37. Rb5 Qg2 38. Rfe5 Qxh2 39. Re8 Kg7 40. Rbb8 g5
41. Rg8+ Kf6 42. Rb6+ Ke7= 43. Nd4 Qe5 44. Rb4 f6 45. Rgb8 Kf7 46. R8b5 Qe3 47. Kc2 g4 48. Rb7+ Kg6 49. Rb8 g3 50. Kd1 Qxa3
51. Nc2 Qc3 52. Rg4+ Kf7 53. Rb7+ Ke6 54. Nd4+ Kd5 55. Rd7+ Ke5 56. Re7+ Kd5 57. Rd7+ Ke5 58. Re7+ Kd5= 59. Nc2 Qb3 60. e4+ Kd6
61. Reg7 Qd3+ 62. Kc1 Qf1+ 63. Kb2 f5 64. R4g6+ Kc5 65. Rc7+ Kb5 66. Na3+ Ka5
0-1

[Event "EUROPA -CHAMPIONS LEGAUE"]
[Site "SchemingMind.com"]
[Date "2008.04.18"]
[Round "-"]
[White "ajedrez perfecto"]
[Black "faulty"]
[Result "0-1"]
[WhiteCountry "BAH"]
[BlackCountry "USA"]
[WhiteElo "1656"]
[WhiteRD "64"]
[BlackElo "1959"]
[BlackRD "73"]
[GameID "151182"]

1. d4 Nf6 2. c4 e6 3. Nf3 c5 4. d5 exd5 5. cxd5 d6 6. Nc3 Nbd7 7. e4 g6 8. Bf4 Nh5 9. Bg5 Qb6 10. Qb3 Qxb3
11. axb3 f6 12. Bh4 g5 13. Bg3 Nxg3
0-1

[Event "EUROPA -CHAMPIONS LEGAUE"]
[Site "SchemingMind.com"]
[Date "2008.04.18"]
[Round "-"]
[White "ajedrez perfecto"]
[Black "cirovicz"]
[Result "0-1"]
[WhiteCountry "BAH"]
[BlackCountry "SRB"]
[WhiteElo "1656"]
[WhiteRD "64"]
[BlackElo "1875"]
[BlackRD "148"]
[GameID "151183"]

1. e4 c5 2. Nf3 d6 3. d4 cxd4 4. Nxd4 Nf6 5. Nc3 e5 6. Nf3 Nc6 7. Bc4 Be6 8. Bxe6 fxe6 9. Ng5 Qe7 10. Qf3 O-O-O
11. Qh3 Nd4 12. O-O h6 13. Nd5 Qe8 14. c3 hxg5 15. Qxh8 exd5 16. cxd4 dxe4 17. Bxg5 exd4
0-1

[Event "EUROPA -CHAMPIONS LEGAUE"]
[Site "SchemingMind.com"]
[Date "2008.04.18"]
[Round "-"]
[White "ajedrez perfecto"]
[Black "agarr"]
[Result "0-1"]
[WhiteCountry "BAH"]
[BlackCountry "RUS"]
[WhiteElo "1656"]
[WhiteRD "64"]
[BlackElo "1772"]
[BlackRD "63"]
[GameID "151185"]

1. e4 e5 2. Nf3 Nc6 3. Bc4 Bc5 4. Nc3 Nf6 5. d3 h6 6. O-O O-O 7. Be3 Bxe3 8. fxe3 d6 9. a3 Bg4 10. Qe2 Bh5
11. h3 Ne7 12. Nd5 Nfxd5 13. Bxd5 c6 14. Ba2 d5 15. g4 Bg6 16. Nxe5 dxe4
0-1

[Event "EUROPA -CHAMPIONS LEGAUE"]
[Site "SchemingMind.com"]
[Date "2008.04.18"]
[Round "-"]
[White "ajedrez perfecto"]
[Black "lacus66"]
[Result "0-1"]
[WhiteCountry "BAH"]
[BlackCountry "HUN"]
[WhiteElo "1656"]
[WhiteRD "64"]
[BlackElo "1670"]
[BlackRD "68"]
[GameID "151186"]

1. e4 e6 2. d3 Nf6 3. e5 Nd5 4. c4 Bb4+ 5. Bd2 Bxd2+ 6. Qxd2 Ne7 7. d4 d5 8. Nf3 O-O 9. Nc3 a6 10. Bd3 Nbc6
0-1

[Event "EUROPA -CHAMPIONS LEGAUE"]
[Site "SchemingMind.com"]
[Date "2008.04.18"]
[Round "-"]
[White "ajedrez perfecto"]
[Black "dalac"]
[Result "0-1"]
[WhiteCountry "BAH"]
[BlackCountry "ITA"]
[WhiteElo "1656"]
[WhiteRD "64"]
[BlackElo "1943"]
[BlackRD "85"]
[GameID "151188"]

1. e4 e6 2. Qe2 c6 3. Nc3 Bb4 4. a3 Bxc3 5. dxc3 d5 6. Bf4 Ne7 7. O-O-O O-O 8. h4 Nd7 9. h5 f6 10. exd5 exd5
11. Qe6+ Rf7 12. Bd3 Ne5 13. Bf5 Nxf5
0-1

[Event "EUROPA -CHAMPIONS LEGAUE"]
[Site "SchemingMind.com"]
[Date "2008.04.18"]
[Round "-"]
[White "ajedrez perfecto"]
[Black "SLAINTIE MHATH"]
[Result "0-1"]
[WhiteCountry "BAH"]
[BlackCountry "POL"]
[WhiteElo "1656"]
[WhiteRD "64"]
[BlackElo "1655"]
[BlackRD "50"]
[GameID "151189"]

1. e4 e5 2. Nf3 Nf6 3. Nxe5 d6 4. Nf3 Nxe4 5. d4 Bg4 6. Be2 h6 7. O-O d5 8. Re1 f6 9. Bd3 f5 10. c4 Bb4
11. Bd2 Bxf3 12. gxf3 Bxd2 13. Qxd2 O-O
0-1

[Event "EUROPA -CHAMPIONS LEGAUE"]
[Site "SchemingMind.com"]
[Date "2008.04.18"]
[Round "-"]
[White "ajedrez perfecto"]
[Black "JOZIN Z BAZIN"]
[Result "0-1"]
[WhiteCountry "BAH"]
[BlackCountry "POL"]
[WhiteElo "1656"]
[WhiteRD "64"]
[BlackElo "1821"]
[BlackRD "77"]
[GameID "151190"]

1. e4 e5 2. Nf3 Nf6 3. Nxe5 d6 4. Nf3 Nxe4 5. d4 Bg4 6. Be2 d5 7. O-O Bd6 8. Nbd2 Nc6 9. Nxe4 dxe4 10. Ng5 Bf5
11. Bg4 Nxd4 12. Qxd4 Bxh2+ 13. Kxh2 Qxd4 14. Bxf5 Qe5+ 15. f4 Qxf5 16. Re1 O-O-O 17. Nxe4 Qh5+
0-1

[Event "EUROPA -CHAMPIONS LEGAUE"]
[Site "SchemingMind.com"]
[Date "2008.04.18"]
[Round "-"]
[White "faulty"]
[Black "ajedrez perfecto"]
[Result "1-0"]
[WhiteCountry "USA"]
[BlackCountry "BAH"]
[WhiteElo "1959"]
[WhiteRD "73"]
[BlackElo "1656"]
[BlackRD "64"]
[GameID "151191"]

1. e4 c5 2. Nf3 d6 3. d4 cxd4 4. Nxd4 Nf6 5. Nc3 a6 6. Bg5 e6 7. f4 Be7 8. Qf3 Qc7 9. O-O-O Nbd7 10. f5 e5
11. Nde2
1-0

[Event "EUROPA -CHAMPIONS LEGAUE"]
[Site "SchemingMind.com"]
[Date "2008.04.19"]
[Round "-"]
[White "cirovicz"]
[Black "ajedrez perfecto"]
[Result "1-0"]
[WhiteCountry "SRB"]
[BlackCountry "BAH"]
[WhiteElo "1875"]
[WhiteRD "148"]
[BlackElo "1656"]
[BlackRD "64"]
[GameID "151192"]

1. Nf3 Nf6 2. c4 e6 3. d4 b6 4. Nc3 Bb7 5. e3 Bb4 6. Bd2 O-O 7. a3 Bxc3 8. Bxc3 Ne4 9. Bd3 f5 10. O-O Nxc3
11. bxc3 d6 12. Re1 Nd7 13. e4 fxe4 14. Bxe4 Bxe4 15. Rxe4 Qf6 16. Qd2 e5 17. dxe5
1-0

[Event "EUROPA -CHAMPIONS LEGAUE"]
[Site "SchemingMind.com"]
[Date "2008.04.19"]
[Round "-"]
[White "agarr"]
[Black "ajedrez perfecto"]
[Result "1-0"]
[WhiteCountry "RUS"]
[BlackCountry "BAH"]
[WhiteElo "1772"]
[WhiteRD "63"]
[BlackElo "1656"]
[BlackRD "64"]
[GameID "151194"]

1. e4 c5 2. Nf3 d6 3. Bc4 e6 4. O-O Nf6 5. d3 Nc6 6. Bf4 e5 7. Bg3 Be7 8. h3 O-O 9. Nc3 Nd4 10. Nxd4 cxd4
11. Nd5 Nxd5 12. Bxd5 Qb6 13. c4 Kh8 14. f3 f5 15. Be1 Qxb2 16. Rb1 Qa3 17. Bxb7 Rb8 18. Bb4 Qxa2 19. Rf2 Qxf2+ 20. Kxf2
1-0

[Event "EUROPA -CHAMPIONS LEGAUE"]
[Site "SchemingMind.com"]
[Date "2008.04.19"]
[Round "-"]
[White "JOZIN Z BAZIN"]
[Black "ajedrez perfecto"]
[Result "1-0"]
[WhiteCountry "POL"]
[BlackCountry "BAH"]
[WhiteElo "1821"]
[WhiteRD "77"]
[BlackElo "1656"]
[BlackRD "64"]
[GameID "151199"]

1. Nf3 Nf6 2. g3 g6 3. Bg2 Bg7 4. d3 d6 5. Bg5 O-O 6. Nc3 c5 7. Rb1 Nc6 8. e3 Be6 9. Ne2 Ng4 10. h3 Nge5
11. d4 Nxf3+ 12. Bxf3 cxd4 13. exd4 Bxa2 14. Ra1 Bc4 15. c3 h6 16. Be3 Bxe2 17. Qxe2 d5 18. O-O Kh7 19. Rae1
1-0